Normal view
MARC view
- MICROSOFT OFFICE 97
Entry Topical Term
001 - CONTROL NUMBER
- control field: 74455
003 - CONTROL NUMBER IDENTIFIER
- control field: NUST
005 - DATE AND TIME OF LATEST TRANSACTION
- control field: 20210628205224.0
008 - FIXED-LENGTH DATA ELEMENTS
- fixed length control field: 210628|| aca||aabn | a|a d
040 ## - CATALOGING SOURCE
- Original cataloging agency: NUST
- Transcribing agency: NUST
150 ## - HEADING--TOPICAL TERM
- Topical term or geographic name entry element: MICROSOFT OFFICE 97
670 ## - SOURCE DATA FOUND
- Source citation: Work cat.: (NUST): Fulton, J Kraynak, J Kinkoph, S 74454, The big basics book of microsoft office 97 easy illustrated lesson, 1998
